El contrabajo y otros cuentos humorísticos /
Na minha lista:
| Autor principal: | |
|---|---|
| Outros Autores: | |
| Formato: | Audio |
| Idioma: | espanhol |
| Publicado em: |
Colombia :
Audio Libros : Yoyo Libros,
2001, c2001
|
| Colecção: | (Fono-Libros)
|
| Assuntos: | |
| Tags: |
Sem tags, seja o primeiro a adicionar uma tag!
|
MARC
| LEADER | 00000nim^a2200000^a^4500 | ||
|---|---|---|---|
| 001 | 000174062 | ||
| 005 | 20250521000000.0 | ||
| 009 | 20260310101515.335 | ||
| 020 | |a 958-9494-61-7 | ||
| 037 | |a Acervo ITESO - Biblioteca | ||
| 041 | |a SON | ||
| 041 | |a ESP | ||
| 082 | |a 891. 7 |b CHE | ||
| 100 | |a Chéjov, Anton P. |e (autor) | ||
| 245 | 1 | 3 | |a El contrabajo y otros cuentos humorísticos / |c A.P. Chéjov ; voz de C.J. Vega. |
| 264 | 4 | |a Colombia : |b Audio Libros : |b Yoyo Libros, |c 2001, c2001 | |
| 300 | |a 3 discos compactos sonoros (CDs disponibles) | ||
| 300 | |a 1 audiolibro | ||
| 336 | |a palabra hablada |b spw |2 rdacontenido | ||
| 337 | |a audio |b s |2 rdamedio | ||
| 338 | |a disco sonoro |b sd |2 rdasoporte | ||
| 440 | 1 | |a (Fono-Libros) | |
| 545 | 0 | |a Anton Pablovich Chéjov (1860-1904), escritor ruso con estudios de medicina. Autor de una numerosa obra cercana al naturalismo porque hace una fuerte acusación en contra de la sociedad. Sus cuentos relatos cortos lo han situado como el maestro del relato corto, por su estilo simple y sobrio, con historias basadas en la tragedia cotidiana y en las pequeñas penas de la existencia diaria; en particular, destaca en su estilo la introducción del monólogo y su rechazo a usar la literatura con fines morales. Fue autor, entre otros, de los libros de relatos, Cuentos de Melpómene (1884), Relatos abigarrados (1886), El crepúsculo (1887), La estepa (1888), El pabellón Nº 6 (1892); las obras teatrales Ivánov (1888), El brujo del bosque (1889), La gaviota (1895), El tío Vania (1899), Las tres hermanas (1901) y El jardín de los cerezos (1904). | |
| 649 | |a XX | ||
| 650 | |a Cuentos Rusos | ||
| 650 | |a Naturalismo en la Literatura - |z Rusia | ||
| 650 | |a Literatura Rusa - |y Siglo XIX | ||
| 700 | |a Vega, Carlos J. |e (voz) | ||
| 910 | |a Fondo General | ||
| 920 | |a Sonoros - CDs | ||
| 940 | |a Literatura | ||
| 905 | |a 403 | ||
| 901 | |a 0500112525 |b IT2 |c CDS |u 20250521 | ||
| 901 | |a 0500112522 |b IT2 |c CDS |u 20250521 | ||
| 901 | |a 0500112519 |b IT2 |c CDS |u 20250521 | ||
| 902 | |a https://opac.biblio.iteso.mx/vufind/Record/000174062 | ||